000 00439nam a2200181Ia 4500
001 23849
005 20260414151005.0
008 260414t2014||||xx |||||||||||||| ||spa||
041 _aESP
082 _a720.1
_bCH554M
100 _aChing, Francis D. K.
_eAUT
245 0 _aManual de estructuras ilustrado
_b
260 _c2014
300 _avii, 311 páginas :
_c30 cm.
650 _aABD
654 _aCAU
942 _cLIB
_dJUS
_fJUS
_2ddc
_n
999 _c23849
_d23849